Biggest Cities on the Atlantic Ocean on a Map - Statistics

General Stats
  • This quiz has been taken 128 times
  • The average score is 65 of 80
Answers on the Map
Answers color-coded by a green-red scale on the quiz's map according to % correct below.
 
Answer Stats
Population City % Correct
21.8m New York City
98%
7.70m Boston
97%
2.23m Havana
97%
6.35m Miami
97%
1.40m Dublin
96%
2.50m Lisbon
96%
1.01m New Orleans
96%
13.3m Rio de Janeiro
96%
3.50m Athens
95%
4.88m Barcelona
95%
4.55m Casablanca
95%
1.32m Helsinki
95%
6.80m Houston
95%
16.2m İstanbul
95%
4.15m Naples
95%
5.95m Alexandria
94%
2.50m Amsterdam
94%
16.6m Buenos Aires
94%
1.68m Marseille
94%
1.55m Porto
94%
3.50m Rome
94%
5.65m Saint Petersburg
94%
2.73m Tunis
94%
4.03m Algiers
93%
4.30m Cape Town
93%
1.69m Copenhagen
93%
1.88m Liverpool
93%
3.28m Rotterdam
93%
1.47m Jacksonville
92%
20.1m Lagos
92%
8.45m Luanda
92%
3.33m Port-au-Prince
92%
4.00m Santo Domingo
92%
2.73m Tel Aviv
92%
3.93m Dakar
91%
1.87m Montevideo
91%
4.48m Tampa
91%
1.29m Tripoli
91%
1.87m València
91%
1.79m Beirut
90%
3.05m İzmir
89%
1.49m Newcastle
88%
2.08m Rabat
87%
1.92m San Juan
87%
5.75m Abidjan
85%
5.20m Accra
85%
1.86m Freetown
84%
1.62m Virginia Beach
82%
1.65m Monrovia
81%
1.11m Odessa
81%
1.51m Oran
81%
3.85m Recife
81%
1.34m Antalya
80%
1.06m Málaga
80%
3.73m Fortaleza
79%
1.31m Nouakchott
78%
2.03m Gaza
77%
2.18m Lomé
77%
3.63m Salvador
77%
1.14m Tangier
75%
2.60m Conakry
74%
2.15m Barranquilla
73%
2.68m Maracaibo
73%
1.01m Banjul
69%
1.89m Cotonou
67%
1.15m Cartagena
61%
1.43m Natal
60%
1.22m Agadir
55%
1.45m São Luís
53%
1.13m Cape Coral
51%
1.17m Sousse
51%
1.22m Pointe-Noire
50%
1.01m Florianópolis
46%
1.76m Santos
45%
1.22m Melbourne
43%
1.01m Mersin
43%
1.14m João Pessoa
42%
1.87m Vitória
41%
1.28m Benguela
40%
1.12m Maceió
35%
No matching quizzes found
Score Distribution
Percent of People with Each Score
Percentile by Number Answered
Your Score History
You have not taken this quiz